Advances in agronomy in India : Historic perspective - Consepts and practices (Record no. 41061)

MARC details
000 -LEADER
fixed length control field 00435nam a2200145Ia 4500
082 ## - DEWEY DECIMAL CLASSIFICATION NUMBER
Classification number 631/635(540)
Item number PAN
100 ## - MAIN ENTRY--AUTHOR NAME
Personal name Apurba SArkar, R K
245 #0 - TITLE STATEMENT
Title Advances in agronomy in India : Historic perspective - Consepts and practices
260 ## - PUBLICATION, DISTRIBUTION, ETC. (IMPRINT)
Place of publication Meerut
Name of publisher Eagle Books International
Year of publication 1995
650 ## - SUBJECT ADDED ENTRY--TOPICAL TERM
Topical Term Dryland research
650 ## - SUBJECT ADDED ENTRY--TOPICAL TERM
Topical Term Weed management
700 ## - ADDED ENTRY--PERSONAL NAME
Personal name Pandey
942 ## - ADDED ENTRY ELEMENTS (KOHA)
Koha item type Books
Holdings
Withdrawn status Lost status Damaged status Not for loan Home library Current library Date acquired Cost, normal purchase price Full call number Accession Number Koha item type
        RRII Library RRII Library 16/12/2021 295.00 631/635(540) PAN 21353 Books